Statistics for Record Champions of Great Football (Soccer) Leagues

Click here to take the quiz!

General Stats

  • This quiz has been taken 3,815 times
    (3,627 since last reset)
  • The average score is 11 of 16

Answer Stats

HintTitlesAnswer% Correct
England20Manchester United
99%
Spain32Real Madrid
99%
Germany24Bayern Munich
98%
Italy30Juventus Turin
98%
Netherlands33Ajax Amsterdam
95%
Portugal33Benfica SL
91%
Scotland54Glasgow Rangers
85%
Turkey19Galatasaray Istanbul
73%
Argentina33CA River Plate
71%
Greece41Olympiacos Piraeus
64%
Belgium33RSC Anderlecht
62%
Ukraine13Dynamo Kiev
60%
Russia9Spartak Moscow
49%
France10AS Saint-Étienne
45%
Brazil9Palmeiras Sao Paulo
26%
Uruguay49Club Atlético Peñarol
24%

Score Distribution

Percentile by Number Answered

Percent of People with Each Score

Your Score History

You have not taken this quiz since the last reset